| 000 | 00565nam a22001937a 4500 | ||
|---|---|---|---|
| 005 | 20260407113718.0 | ||
| 008 | 260225b |||||||| |||| 00| 0 eng d | ||
| 020 | _a978-0-2014-1607-7 | ||
| 050 |
_aQA 76.73 .P2 G66 1991 _b1 |
||
| 100 | _aGONNET G. H. | ||
| 245 |
_aHANDBOOK OF ALGORITHMS AND DATA STRUCTURES IN PASCAL AND C _b1 |
||
| 250 | _a2ND EDITION | ||
| 260 |
_aWOKINGHAM ENGLAND _bADDISON-WESLEY _c1991 |
||
| 300 | _aXIV,424P | ||
| 500 | _aINCLUDES INDEX | ||
| 650 | _aPASCAL COMPUTER PROGRAM LANGUAGE | ||
| 700 | _aYATES R.BAEZA | ||
| 942 |
_2lcc _cBK |
||
| 999 |
_c216666 _d216666 |
||